书目信息 |
| 题名: |
好梦好眠
|
|
| 作者: | 霍布森 著 ;徐进 , 李宝清 译 | |
| 分册: | ||
| 出版信息: | 北京 人民日报出版社 2020.9 |
|
| 页数: | 177页 | |
| 开本: | 19cm | |
| 丛书名: | ||
| 单 册: | ||
| 中图分类: | R338.63 | |
| 科图分类: | ||
| 主题词: | 睡眠--基本知识 | |
| 电子资源: | ||
| ISBN: | 978-7-5115-6510-5 | |
| 000 | 01039nam0 2200289 45 | |
| 001 | 012001000136 | |
| 005 | 20140817143821.0 | |
| 010 | @a978-7-5115-6510-5@b精装@dCNY46.00 | |
| 100 | @a20201103d2020 em y0chiy0110 ea | |
| 101 | 1 | @achi@ceng |
| 102 | @aCN@b110000 | |
| 105 | @aa z 000yy | |
| 106 | @ar | |
| 200 | 1 | @a好梦好眠@Ahao meng hao mian@e给你更好的睡眠与人生@dThe art of sleeping@f(英)罗布·霍布森著@g徐进, 李宝清译@zeng |
| 210 | @a北京@c人民日报出版社@d2020.9 | |
| 215 | @a177页@c图@d19cm | |
| 300 | @a简策博文 | |
| 300 | @a并列题名:Art of sleeping | |
| 330 | @a本书从科学研究和专家建议出发,帮助读者充分认识人类的睡眠、人体的内在作息需求、睡眠缺失的影响、睡眠中的各个阶段,并提供了如何获得优质的睡眠、替代性睡眠的方法等。 | |
| 510 | 1 | @aArt of sleeping@zeng |
| 606 | 0 | @a睡眠@x基本知识 |
| 690 | @aR338.63@v5 | |
| 701 | 0 | @c(英)@a霍布森@Ahuo bu sen@c(Hobson, Rob)@4著 |
| 702 | 0 | @a徐进@Axu jin@4译 |
| 702 | 0 | @a李宝清@Ali bao qing@4译 |
| 801 | @aCN@bAHXH@c20210922 | |
| 905 | @b1357066-70@dR338.63@e371@f5 | |
| 好梦好眠:给你更好的睡眠与人生=The art of sleeping/(英)罗布·霍布森著/徐进, 李宝清译.-北京:人民日报出版社,2020.9 |
| 177页:图;19cm |
| 简策博文.-并列题名:Art of sleeping |
| ISBN 978-7-5115-6510-5(精装):CNY46.00 |
| 本书从科学研究和专家建议出发,帮助读者充分认识人类的睡眠、人体的内在作息需求、睡眠缺失的影响、睡眠中的各个阶段,并提供了如何获得优质的睡眠、替代性睡眠的方法等。 |
| ● |
| 相关链接 |
|
|
|
|
正题名:好梦好眠
索取号:R338.63/371
 
预约/预借
| 序号 | 登录号 | 条形码 | 馆藏地/架位号 | 状态 | 备注 |
| 1 | 1357066 | 213570660 | 第二样本阅览室/ [索取号:R338.63/371] | 在馆 | |
| 2 | 1357067 | 213570679 | 教育系资料室/ [索取号:R338.63/371] | 在馆 | |
| 3 | 1357068 | 213570688 | 教育系资料室/ [索取号:R338.63/371] | 在馆 | |
| 4 | 1357069 | 213570697 | 第三借阅区/ [索取号:R338.63/371] | 在馆 | |
| 5 | 1357070 | 213570704 | 第三借阅区/ [索取号:R338.63/371] | 在馆 |